Online
Catalog

Marco de asistencia de las Naciones Unidas para el Desarrollo : (Record no. 367)

MARC details
000 -CABECERA
campo de control de longitud fija 00985nam a2200217 a 4500
001 - NÚMERO DE CONTROL
campo de control 000000368
003 - IDENTIFICADOR DEL NÚMERO DE CONTROL
campo de control OSt
005 - FECHA Y HORA DE LA ÚLTIMA TRANSACCIÓN
campo de control 20250612131847.0
008 - DATOS DE LONGITUD FIJA--INFORMACIÓN GENERAL
campo de control de longitud fija 081127s2006 dr a 000 0 spa d
040 ## - FUENTE DE LA CATALOGACIÓN
Centro catalogador/agencia de origen DO-SdBNP
Lengua de catalogación spa
Centro/agencia transcriptor BNPHU
082 ## - NÚMERO DE LA CLASIFICACIÓN DECIMAL DEWEY
Número de clasificación 338.91
Número de documento/Ítem N124m
110 2# - ENTRADA PRINCIPAL--NOMBRE DE ENTIDAD CORPORATIVA
Nombre de entidad corporativa o nombre de jurisdicción como elemento de entrada Programa de las Naciones Unidas para el Desarrollo
9 (RLIN) 187
245 10 - MENCIÓN DE TÍTULO
Título Marco de asistencia de las Naciones Unidas para el Desarrollo :
Resto del título República Dominicana 2007-2011.
260 ## - PUBLICACIÓN, DISTRIBUCIÓN, ETC.
Lugar de publicación, distribución, etc. Santo Domingo :
Nombre del editor, distribuidor, etc. UNDAF,
Fecha de publicación, distribución, etc. 2006.
300 ## - DESCRIPCIÓN FÍSICA
Extensión 49 p. :
Otras características físicas il. ;
Dimensiones 28 cm.
505 2# - NOTA DE CONTENIDO CON FORMATO
Título Preámbulo --
-- Introducción --
-- Áreas de cooperación --
-- Mecanismo de coordinación y de implementación --
-- Papel de los socios --
-- Ventajas comparativas del Sistema de las Naciones Unidas --
-- Monitoreo y evaluación --
-- Matrices.
650 #0 - PUNTO DE ACCESO ADICIONAL DE MATERIA--TÉRMINO DE MATERIA
Término de materia o nombre geográfico como elemento de entrada Cooperación internacional
9 (RLIN) 1240
650 #7 - PUNTO DE ACCESO ADICIONAL DE MATERIA--TÉRMINO DE MATERIA
Término de materia o nombre geográfico como elemento de entrada Salud pública
Subdivisión geográfica República Dominicana
Subdivisión cronológica 2007-2011
9 (RLIN) 88089
650 #7 - PUNTO DE ACCESO ADICIONAL DE MATERIA--TÉRMINO DE MATERIA
Término de materia o nombre geográfico como elemento de entrada Política de salud
Subdivisión geográfica República Dominicana
Subdivisión cronológica 2007-2011
9 (RLIN) 88090
942 ## - ELEMENTOS DE PUNTO DE ACCESO ADICIONAL (KOHA)
Fuente del sistema de clasificación o colocación Dewey Decimal Classification
Tipo de ítem Koha Libro
Holdings
Estado de retiro Estado de pérdida Restricciones de uso No para préstamo Código de colección Localización permanente Ubicación/localización actual Ubicación en estantería Fecha de adquisición Número de inventario Total de préstamos Signatura topográfica completa Código de barras Fecha visto por última vez Número de copia Precio válido a partir de Tipo de ítem Koha
  Extraviado   Préstamo en sala Dominicana de Servicio Biblioteca Nacional Pedro Henríquez Ureña Biblioteca Nacional Pedro Henríquez Ureña Extraviado 23.07.2009 LF1   338.91 N124m 368-30 25.06.2020 e. 3 25.06.2020 Libros y folletos
      Préstamo restrigido Patrimonio Dominicano Biblioteca Nacional Pedro Henríquez Ureña Biblioteca Nacional Pedro Henríquez Ureña Depósito 23.07.2009 LF1   338.91 N124m 368-10 25.06.2020   25.06.2020 Libros y folletos
      Préstamo restrigido Patrimonio Dominicano Biblioteca Nacional Pedro Henríquez Ureña Biblioteca Nacional Pedro Henríquez Ureña Depósito 23.07.2009 LF1   338.91 N124m 368-20 25.06.2020 e. 2 25.06.2020 Libros y folletos

Powered by Koha